|
|
|
|
| LEADER |
00928nam a2200217 a 4500 |
| 001 |
00024610 |
| 008 |
120228s2007 bg b 000 0 eng d |
| 020 |
|
|
|a 9847005900406
|
| 040 |
|
|
|a BD-DhAAL
|c BD-DhAAL
|
| 082 |
0 |
0 |
|a 362.1091724
|2 22
|
| 245 |
1 |
0 |
|a Health sector reform :
|b lessons form developing countries /
|c Obaidur Rob,Md Noorunnabi Talukder, Editors
|
| 260 |
|
|
|a Dhaka :
|b Utso Prokashan,
|c 2007.
|
| 300 |
|
|
|a x, 150 p. ;
|c 21 cm.
|
| 504 |
|
|
|a Includes bibliographical references (p. [141]-148).
|
| 541 |
1 |
|
|e 00024610
|
| 651 |
|
0 |
|a Health care reform
|z Developing countries
|v Case studies
|
| 700 |
1 |
|
|a Rob, Obaidur
|
| 700 |
1 |
|
|a Talukder, Md Noorunnabi.
|
| 852 |
1 |
|
|a Ayesha Abed Library
|j General shelf
|
| 999 |
|
|
|c 11924
|d 11924
|
| 952 |
|
|
|0 0
|1 0
|2 ddc
|4 0
|6 362_109172400000000_HEA
|7 0
|9 19501
|a IGS
|b IGS
|c GEN
|d 2012-02-28
|e A.H. Development Publishing House
|g 200.00
|l 1
|m 3
|o 362.1091724 HEA
|p 3010024610
|r 2014-06-09
|s 2012-12-31
|t 1
|w 2012-02-28
|y BK
|